000 01122nam a2200325 i 4500
003 EG-GICUC
005 20260310135127.0
008 260123s1989 ua |||fr|||| 00| 0 ara d
017 _a8575/1989
020 _a97704054805
040 _a EG-GICUC
_bara
_c EG-GICUC
_d EG-GICUC
_erda
041 0 _aAra
082 0 4 _221
_a343.7
_bن و . م
092 0 4 _221
099 _aLaw1 10 343.7 ن و . م 1989
100 0 _aنور الدين هنداوى
_eمؤلف.
245 1 0 _aمبادئ علم العقاب /
_cتأليف الدكتور نور الدين هنداوى.
264 1 _aالقاهرة :
_bدار النهضة العربية،
_c1989.
300 _a224 صفحة؛
_c24 سم.
336 _2rda content
_atext
337 _2rda media
_aComputer
338 _2rda carrier
_aOnline Resource
546 _aالنص باللغة العربية
650 1 _aالقواعد العامة فى علم العقاب
_2qrmak
650 1 _aالقانون الجنائى
_2qrmak
651 1 _2qrmak
856 4 0 _uhttps://fll.law.cu.edu.eg/fulltext/bks/B10-07957.pdf
905 _a54
942 _2ddc
_cBK
_e21
_n0
999 _c58786
_d58786